Liber amicorum en homenaje al profesor Dr. Luis Moisset de Espanés
Guardat en:
| Autors principals: | , , |
|---|---|
| Format: | Llibre |
| Idioma: | espanyol |
| Publicat: |
Córdoba
Advocatus
2010
|
| Edició: | 1a. ed |
| Matèries: | |
| Etiquetes: |
Afegir etiqueta
Sense etiquetes, Sigues el primer a etiquetar aquest registre!
|
MARC
| LEADER | 00000nam a2200000 a 4500 | ||
|---|---|---|---|
| 001 | UCG5731 | ||
| 003 | CL-VaPUC | ||
| 008 | 110317e20100000AG |||||||||||||||||spa|d | ||
| 020 | |a 9789875511767o.c | ||
| 020 | |a 9789875511743t.1 | ||
| 020 | |a 9789875511750t.2 | ||
| 082 | 0 | 4 | |a 346 |b ALF |2 21 |
| 100 | 0 | |a Alferillo, Pascual Eduardo |e author |9 555499 | |
| 700 | 0 | |a Guarino Arias, Aldo |e author |9 555500 | |
| 700 | 0 | |a Sommer, Christian G |e author |9 555501 | |
| 245 | 1 | 0 | |a Liber amicorum en homenaje al profesor Dr. Luis Moisset de Espanés |
| 250 | |a 1a. ed | ||
| 300 | |a t | ||
| 942 | |c BK | ||
| 945 | |d 20110317 00:00:00 |a jcampos | ||
| 260 | |a Córdoba |b Advocatus |c 2010 | ||
| 650 | 0 | |a Derecho civil |9 255013 | |
| 650 | 0 | |a Código civil argentino |9 395109 | |
| 650 | 0 | |a Derecho de las obligaciones |9 328248 | |
| 650 | 0 | |a Contratos |9 255153 | |
| 650 | 0 | |a Derecho constitucional |9 222588 | |
| 583 | |a last modification |c 20190726 10:01:15 |k Rodrigo Vera | ||
| 999 | |c 344111 |d 344109 | ||
| 952 | |0 0 |1 0 |4 0 |6 346_000000000000000_ALF_2010 |7 0 |8 A |9 441904 |a BIBDER |b BIBDER |d 2019-11-22 |h t.1 |i 4754700 |o 346 ALF 2010 |p 4754700 |r 2019-11-22 |w 2019-11-22 |y BK |k DER | ||
| 952 | |0 0 |1 0 |4 0 |6 346_000000000000000_ALF_2010 |7 0 |8 A |9 441905 |a BIBDER |b BIBDER |d 2019-11-22 |h t.2 |i 4754719 |o 346 ALF 2010 |p 4754719 |r 2023-01-25 |w 2019-11-22 |y BK |k DER | ||